书目信息 |
| 题名: |
繁花将尽
|
|
| 作者: | 布洛克 , 劳伦斯·布洛克 著 ;尤传莉 译 | |
| 分册: | ||
| 出版信息: | 北京 新星出版社 2009.01 |
|
| 页数: | 383页 | |
| 开本: | 22cm | |
| 丛书名: | ||
| 单 册: | ||
| 中图分类: | I712.45 | |
| 科图分类: | ||
| 主题词: | 侦探小说 , 长篇小说 , 长篇小说--美国--现代 , 侦探小说--美国--现代 | |
| 电子资源: | ||
| ISBN: | 978-7-80225-532-6 | |
| 000 | 01108nam0 2200325 450 | |
| 001 | 1132379751 | |
| 005 | 20111228090103.23 | |
| 010 | @a978-7-80225-532-6@b精装@dCNY35.00 | |
| 049 | @aA210100SYT@bUCS01004371068 | |
| 090 | @aI712.45@bblk | |
| 096 | @aI712.45@bblk | |
| 100 | @a20110714d2009 em y0chiy50 ea | |
| 101 | 1 | @achi@ceng |
| 102 | @aCN@b110000 | |
| 105 | @ay z 000ay | |
| 200 | 1 | @a繁花将尽@b专著@dAll the flowers are dying@f(美)劳伦斯·布洛克(Lawrence Block)著@F(mei)lao lun si·bu luo ke(Lawrence Block)zhu@g尤传莉译@zeng@9fan hua jiang jin |
| 210 | @a北京@c新星出版社@d2009.01 | |
| 215 | @a383页@d22cm | |
| 510 | 1 | @aAll the flowers are dying@zeng |
| 606 | 0 | @a侦探小说 |
| 606 | 0 | @a长篇小说 |
| 606 | 0 | @a长篇小说@y美国@z现代 |
| 606 | 0 | @a侦探小说@y美国@z现代 |
| 690 | @aI712.45@v4 | |
| 701 | 0 | @c(美)@a布洛克@c(Block, Lawrence@f1938~)@4著@9bu luo ke |
| 701 | 0 | @a劳伦斯·布洛克@Alao lun si·bu luo ke@bLawrenceBlock@4著 |
| 702 | 0 | @a尤传莉@4译@9you chuan li |
| 801 | 2 | @aCN@bOLCC@c20100925 |
| 801 | 0 | @aCN@bA210100SYT@c20081219 |
| 905 | @aZUCC@dI712.45@eB98212 | |
| 繁花将尽=All the flowers are dying/(美)劳伦斯·布洛克(Lawrence Block)著/尤传莉译.-北京:新星出版社,2009.01 |
| 383页;22cm |
| ISBN 978-7-80225-532-6(精装):CNY35.00 |
| ● |
| 相关链接 |
|
|
|
正题名:繁花将尽
索取号:I712.45/B98212
 
预约/预借
| 序号 | 登录号 | 条形码 | 馆藏地/架位号 | 状态 | 备注 |
| 1 | 467097 | 204670971 | 文学库116/116文学库 26排4列1层/ [索取号:I712.45/B98212] | 在馆 | |
| 2 | 467098 | 204670980 | 社科二线400B/400B社科库 4排3列2层/ [索取号:I712.45/B98212] | 在馆 |